| 000 | 00713cam a2200241 a 4500 | ||
|---|---|---|---|
| 001 | 000004442 | ||
| 005 | 20200929151437.0 | ||
| 008 | 910621s1993 ag 000 1 spa | ||
| 020 | _a9501513033 | ||
| 040 |
_aDO-SdBNP _bspa _cBNPHU |
||
| 041 | 1 | 7 |
_aspa _heng _2Código de idioma MARC |
| 082 |
_a823.91 _bB725m |
||
| 100 | 1 |
_aBooth, Pat. _913031 |
|
| 245 | 1 | 0 |
_aMiami / _cPat Booth ; traductor, Patricia Willson. |
| 260 |
_aBuenos Aires : _bJavier Vergara, _c1993. |
||
| 300 |
_a333 p. ; _c23 cm. |
||
| 534 |
_pTítulo original: _tMiami. |
||
| 650 | 4 |
_aNovela inglesa _91071 |
|
| 650 | 4 |
_aLiteratura inglesa _9498 |
|
| 700 | 1 |
_aWillson, Patricia, _etr. _913032 |
|
| 910 | _aCatalogación derivada | ||
| 910 | _aWM | ||
| 999 |
_c4251 _d4251 |
||